Language Quiz

Random Language or Italian Quiz

7 Days in 6 Languages Quiz Stats

 Plays Quiz Updated Mar 28, 2013

Challenge
Share
Tweet
Score 0/7 Timer 03:00
6 Plays Today
% Correct
Monday
91.7%
Friday
80.5%
Saturday
80%
Wednesday
76.9%
Sunday
69.5%
Tuesday
65.8%
Thursday
58.6%

You're not logged in!

Compare scores with friends on all Sporcle quizzes.
Join for Free
OR
Log In

You Might Also Like...

Show Comments

Extras

Top Quizzes Today


Score Distribution

Your Account Isn't Verified!

In order to create a playlist on Sporcle, you need to verify the email address you used during registration. Go to your Sporcle Settings to finish the process.

Report this User

Report this user for behavior that violates our Community Guidelines.

Details: